000 00648nam a2200241 a 4500
999 _c4744
_d4744
001 4744
003 BD-JhCC
005 20180303203652.0
008 171203s1955 u a|||| || | 001 0 eng d
035 _a(BD-JhCC)4744
040 _aBD-JhCC
_dBD-JhCC
041 _aeng
082 _a372.4
_bBAK 1955
100 _aBaker, Arthur O.
245 _aHere and Away /
_cArthur O. Baker, Grace C. Madddux, Helen B. Warrin,
260 _aNew York :
_bRand Msnally & Company,
_c1955.
300 _a206 p. :
_c20 cm.
650 _aReaders (Elementry)
700 _aMadddux, Grace C.
700 _aWarrin, B. Helen
942 _2ddc
_cBK